000 00809nam a2200241Ia 4500
003 GCL
008 140319s9999 xx 000 0 ara d
040 _aGCL /
_cGCL
082 0 4 _aع
_b621.38
_bس ا
100 1 _aشقايا، ى. رادو
245 1 0 _aالكترونيات والحياة الحديثة /
_cشقايا، ى. رادو
700 1 _aتنسكى، م . جادو
700 1 _aحسين احمد عيسى
260 _a[S.N] :
_bالهيئة المصرية العامة للكتاب ،
_c1986
300 _a239 ص
490 _aالالف كتاب
_v0
650 0 4 _aاللاسلكى
650 0 4 _aالتليفزيون
650 0 4 _aالاتصالات السلكية واللاسلكية
650 0 4 _aالتلغراف
650 0 4 _aالاقمار الصناعية
942 _2ddc
_cBK
999 _c30332
_d30332